[Event "4' Festival Internazionale SPIAGGIA DI VELLUTO"]
[Site "SENIGALLIA, Italy"]
[Date "????.??.??"]
[Round "4.2"]
[White "Giacometti, Carlo"]
[Black "Marcenaro, Alessandro"]
[Result "0-1"]
[WhiteElo "1917"]
[BlackElo "2145"]
[Annotator "Roberto"]
[PlyCount "66"]

1. b3 e5 2. Bb2 Nc6 3. c4 g6 4. Nc3 Bg7 5. g3 d6 6. Bg2 Nge7 7. e3 O-O 8. Nge2 Be6 9. d4 exd4 10. exd4 d5 11. c5 Nf5 12. Nb5 a6 13. Na3 Qf6 14. Nc2 g5 15. O-O h5 16. Qd2 Rfe8 17. Rad1 Rad8 18. b4 Nh6 19. f4 g4 20. Ne3 Nf5 21. Nxf5 Bxf5 22. Rfe1 Be4 23. a4 Bxg2 24. Kxg2 Re4 25. b5 axb5 26. axb5 Ne7 27. Nc3 Rxe1 28. Rxe1 Nf5 29. Re5 Qg6 30. Rxd5 Rxd5 31. Nxd5 Qe6 32. Nxc7 Qe4+ 33. Kf1 Nxd4 0-1